[Event "V Torneo Parthenope A"]
[Site "Napoli ITA"]
[Date "2013.05.09"]
[Round "1"]
[White "Gallo, Thomas Renato"]
[Black "Farina, Walter"]
[WhiteElo "1914"]
[BlackElo "1649"]
[Result "1-0"]
[PlyCount "91"]
[EventDate "2013.05.09"]

1. d4 Nf6 2. c4 d6 3. Nc3 g6 4. e4 Bg7 5. f3 O-O 6. Be3 e5 7. Nge2 Nbd7 8. Qd2
Re8 9. O-O-O c6 10. g4 Nf8 11. dxe5 Rxe5 12. Bf4 Rc5 13. Ng3 d5 14. b4 Be6 15.
bxc5 Qa5 16. cxd5 Nxd5 17. Nxd5 Qa3+ 18. Kb1 cxd5 19. e5 Nd7 20. Qd4 Nxc5 21.
Bc1 Qa5 22. Bd2 Qb6+ 23. Qb4 Qxb4+ 24. Bxb4 b6 25. f4 Bxg4 26. Be2 Be6 27. Bf3
a5 28. Ba3 Na4 29. Bb2 Rd8 30. Rd4 b5 31. Rhd1 Rc8 32. Bxd5 Bxd5 33. Rxd5 Nc3+
34. Bxc3 Rxc3 35. Rxb5 Rf3 36. Rf1 Ra3 37. Kb2 Rd3 38. Rf2 Bf8 39. Rxa5 Bb4 40.
Ra8+ Kg7 41. Ne4 h5 42. Ra4 Be7 43. Kc2 Rd8 44. Rc4 Ra8 45. a4 Bd8 46. Rd2 1-0

[Event "V Torneo Parthenope A"]
[Site "Napoli ITA"]
[Date "2013.05.09"]
[Round "1"]
[White "Messina, Enrico"]
[Black "Esposito, Rosario"]
[WhiteElo "2241"]
[BlackElo "1804"]
[Result "1-0"]
[PlyCount "61"]
[EventDate "2013.05.09"]

1. e4 c5 2. d4 cxd4 3. c3 dxc3 4. Nxc3 Nc6 5. Bc4 e6 6. Nf3 Qc7 7. O-O Nf6 8.
Nb5 Qb8 9. e5 Nxe5 10. Nxe5 Qxe5 11. Re1 Qb8 12. Qd4 a6 13. Bf4 axb5 14. Bxb8
bxc4 15. Bd6 Bxd6 16. Qxd6 Ra6 17. Qb4 d5 18. a4 Nd7 19. Re3 Rc6 20. Rd1 Rc5
21. Rc3 b6 22. Rg3 O-O 23. f4 Rc6 24. Qe7 e5 25. fxe5 Re6 26. Qg5 Rg6 27. Qe3
Rxg3 28. hxg3 Bb7 29. e6 fxe6 30. Qxe6+ Rf7 31. Rf1 1-0

[Event "V Torneo Parthenope A"]
[Site "Napoli ITA"]
[Date "2013.05.09"]
[Round "1"]
[White "Somma, Erminio"]
[Black "Somma, Andrea"]
[WhiteElo "1539"]
[BlackElo "1913"]
[Result "0-1"]
[PlyCount "68"]
[EventDate "2013.05.09"]

1. d4 d6 2. Nf3 Nd7 3. e4 e5 4. d5 Ngf6 5. Nbd2 g6 6. Bb5 Bg7 7. O-O O-O 8. h3
Nc5 9. Re1 a6 10. Bf1 Nh5 11. Nb3 Nxb3 12. axb3 f5 13. Bg5 Qe8 14. Bd3 f4 15.
g4 fxg3 16. fxg3 Bxh3 17. Kh2 Qd7 18. Rg1 h6 19. Be3 Nf6 20. Qd2 Ng4+ 21. Kh1
Rxf3 22. Be2 Rf7 23. Bxg4 Qxg4 24. Qd1 Qxe4+ 25. Kh2 Bd7 26. Re1 Qf5 27. Kg1
Qh3 28. Bf2 Bg4 29. Re3 Bxd1 30. Rxd1 Raf8 31. Rf1 Rf5 32. Re4 Rh5 33. Rh4 Rxh4
34. gxh4 e4 0-1

[Event "V Torneo Parthenope A"]
[Site "Napoli ITA"]
[Date "2013.05.09"]
[Round "1"]
[White "Taurisano, Vincenzo"]
[Black "Trematerra, Massimiliano"]
[WhiteElo "1862"]
[BlackElo "1463"]
[Result "1-0"]
[PlyCount "57"]
[EventDate "2013.05.09"]

1. e4 c5 2. d4 cxd4 3. c3 d5 4. Qxd4 dxe4 5. Qxe4 Nf6 6. Qc2 Qa5 7. Nf3 Nc6 8.
Bd3 e5 9. O-O Bd6 10. Nbd2 Bd7 11. Nc4 Qc7 12. Bg5 Nh5 13. Rad1 h6 14. Bc1 Be7
15. Rfe1 Bf6 16. Bf5 Bxf5 17. Qxf5 Ne7 18. Qg4 Nf4 19. Ncxe5 Ne6 20. Nxf7 O-O
21. Nxh6+ Kh7 22. Rxe6 gxh6 23. Qh5 Ng8 24. Red6 Rf7 25. Ng5+ Bxg5 26. Bxg5 Qc5
27. Qxf7+ Kh8 28. Rxh6+ Nxh6 29. Bf6# 1-0

[Event "V Torneo Parthenope A"]
[Site "Napoli ITA"]
[Date "2013.05.09"]
[Round "1"]
[White "Vannini, Aldo"]
[Black "Baltzopoulos, Giorgos"]
[WhiteElo "1767"]
[BlackElo "1970"]
[Result "1-0"]
[PlyCount "102"]
[EventDate "2013.05.09"]

1. e4 c5 2. Nc3 d6 3. g3 g6 4. Bg2 Bg7 5. Nge2 Nc6 6. O-O e5 7. d3 Nge7 8. f4
O-O 9. Be3 Nd4 10. Nd5 Nxd5 11. exd5 Bg4 12. Bxd4 exd4 13. h3 Bxe2 14. Qxe2 Re8
15. Qd2 Re3 16. Rf3 Qe7 17. Rxe3 dxe3 18. Qe2 Bxb2 19. Rb1 Bd4 20. c4 f5 21. h4
b6 22. Bf3 Rf8 23. Kg2 Rf7 24. Rh1 h6 25. Kf1 Qf6 26. Qh2 Bc3 27. Qc2 Rg7 28.
Qa4 Re7 29. Ke2 Ba5 30. Qc2 Bd2 31. Bg2 g5 32. fxg5 hxg5 33. h5 g4 34. Rf1 Rh7
35. Qa4 Qe5 36. Qc6 Rxh5 37. Qc8+ Kh7 38. Qd7+ Kh6 39. Qe6+ Kg7 40. Qd7+ Kf6
41. Rh1 Rxh1 42. Bxh1 Qe7 43. Qc8 Ke5 44. Qh8+ Qf6 45. Qe8+ Kd4 46. Qh5 Qe5 47.
Qh2 Kc3 48. Qg1 Kb4 49. Qb1+ Kc3 50. Qa1+ Kc2 51. Qd1+ Kb2 1-0

[Event "V Torneo Parthenope A"]
[Site "Napoli ITA"]
[Date "2013.05.16"]
[Round "2"]
[White "Auletta, Angelo"]
[Black "Taurisano, Vincenzo"]
[WhiteElo "2196"]
[BlackElo "1862"]
[Result "1/2-1/2"]
[PlyCount "87"]
[EventDate "2013.05.09"]

1. e4 c6 2. d4 d5 3. Nd2 dxe4 4. Nxe4 Nd7 5. Nf3 Ngf6 6. Nxf6+ Nxf6 7. Ne5 e6
8. Bg5 Be7 9. Be2 Nd7 10. Bf4 Nxe5 11. Bxe5 Bf6 12. O-O Bxe5 13. dxe5 Qxd1 14.
Raxd1 Ke7 15. f4 Bd7 16. g4 g6 17. Kf2 Rad8 18. Ke3 Bc8 19. Rxd8 Rxd8 20. Bd3
c5 21. Rf3 Kf8 22. f5 gxf5 23. gxf5 exf5 24. Bxf5 Bxf5 25. Rxf5 Rd5 26. c4 Rd1
27. e6 Re1+ 28. Kf2 Rxe6 29. Rxc5 Rb6 30. b3 Ra6 31. Rb5 Rxa2+ 32. Kg3 b6 33.
c5 bxc5 34. Rxc5 Rb2 35. Rb5 a6 36. Rb6 a5 37. Rb5 Ke7 38. h4 Kd6 39. Kg4 Ke6
40. Rxa5 Rxb3 41. Rh5 Rb4+ 42. Kf3 Rb3+ 43. Kf4 Rb4+ 44. Kf3 1/2-1/2

[Event "V Torneo Parthenope A"]
[Site "Napoli ITA"]
[Date "2013.05.16"]
[Round "2"]
[White "Esposito, Pino"]
[Black "Baltzopoulos, Giorgos"]
[WhiteElo "1779"]
[BlackElo "1970"]
[Result "0-1"]
[PlyCount "94"]
[EventDate "2013.05.09"]

1. d4 d5 2. c4 e5 3. dxe5 d4 4. a3 Nc6 5. Nf3 f6 6. e3 fxe5 7. exd4 exd4 8. Bg5
Nf6 9. Bd3 Bg4 10. O-O Be7 11. Re1 O-O 12. Nbd2 Qd7 13. Qc2 h6 14. Bh4 a5 15.
b3 Rae8 16. Bg6 Rd8 17. Qd3 Bd6 18. h3 Be6 19. Rxe6 Qxe6 20. Re1 Qc8 21. Ne4
Nxe4 22. Qxe4 Bxa3 23. Bxd8 Qxd8 24. Qd5+ Qxd5 25. cxd5 Ne7 26. Be4 Bc5 27. Rd1
Nf5 28. g4 Nd6 29. Nd2 b5 30. Bd3 Rf4 31. Kg2 Kf8 32. Kg3 g5 33. Ra1 Bb4 34.
Ra2 Ke7 35. f3 Rf8 36. h4 gxh4+ 37. Kf2 Rf4 38. Nb1 Kd7 39. Re2 Rf6 40. Kg2 a4
41. bxa4 bxa4 42. Ra2 a3 43. Nd2 h3+ 44. Kf2 h2 45. Kg2 Bxd2 46. Rxd2 Rxf3 47.
Kxh2 a2 0-1

[Event "V Torneo Parthenope A"]
[Site "Napoli ITA"]
[Date "2013.05.16"]
[Round "2"]
[White "Esposito, Rosario"]
[Black "Somma, Erminio"]
[WhiteElo "1804"]
[BlackElo "1539"]
[Result "1-0"]
[PlyCount "143"]
[EventDate "2013.05.09"]

1. d4 f5 2. c4 Nf6 3. Nf3 d6 4. g3 g6 5. Bg2 Bg7 6. O-O c6 7. Nc3 O-O 8. b3 Qe8
9. Bb2 e5 10. dxe5 dxe5 11. Qc2 e4 12. Nd4 Ng4 13. e3 Na6 14. Ba3 Rf7 15. Rad1
Bf8 16. Qc1 Nb4 17. Bxb4 Bxb4 18. Nde2 Bf8 19. Rd2 Rd7 20. Nd4 Rf7 21. Rfd1 Ne5
22. Nde2 Nd3 23. Qb1 Be6 24. Nc1 Ne5 25. N3e2 Nf3+ 26. Bxf3 exf3 27. Nd4 Rd8
28. Nxf3 Rxd2 29. Rxd2 Rd7 30. Rxd7 Qxd7 31. Nd3 Bg7 32. Nc5 Qf7 33. Ng5 Qf6
34. Ngxe6 b6 35. Nxg7 bxc5 36. Ne8 Qe7 37. Qd3 Qxe8 38. Qd6 Qe4 39. Qb8+ Kg7
40. Qxa7+ Kh6 41. Qxc5 Qb1+ 42. Kg2 Qe4+ 43. f3 Qc2+ 44. Kh3 Kg7 45. Qxc6 h5
46. Qd7+ Kh6 47. Qd4 Kh7 48. c5 Qxa2 49. c6 Qxb3 50. c7 Qe6 51. f4 g5 52. Qd2
g4+ 53. Kg2 Qc6+ 54. Kf2 Qxc7 55. Qd3 Qc6 56. Qxf5+ Kg7 57. Qg5+ Kf8 58. Qf5+
Kg8 59. Qd3 Qf3+ 60. Kg1 Qc6 61. Qd1 Qe4 62. Qd8+ Kf7 63. Qd7+ Kf6 64. Qd4+
Qxd4 65. exd4 Kf5 66. d5 Kf6 67. Kf2 Ke7 68. Ke3 Kd7 69. Ke4 Kd6 70. Kd4 Ke7
71. Ke5 Kd7 72. f5 1-0

[Event "V Torneo Parthenope A"]
[Site "Napoli ITA"]
[Date "2013.05.16"]
[Round "2"]
[White "Seletsky, Grigory"]
[Black "Gallo, Thomas Renato"]
[WhiteElo "2329"]
[BlackElo "1914"]
[Result "1-0"]
[PlyCount "61"]
[EventDate "2013.05.09"]

1. e4 d6 2. d4 Nf6 3. f3 e5 4. d5 c5 5. Bb5+ Nbd7 6. a4 Nxe4 7. fxe4 Qh4+ 8.
Kf1 Qxe4 9. Nc3 Qf5+ 10. Nf3 Be7 11. Bd3 Qh5 12. Ne4 f6 13. Ng3 Qf7 14. Bf5 Nb6
15. Bxc8 Rxc8 16. c4 Nxc4 17. a5 O-O 18. b3 e4 19. bxc4 exf3 20. Qxf3 Bd8 21.
Nf5 Bc7 22. Bh6 Rfe8 23. Nxg7 Re5 24. Qg4 Rb8 25. Ne6+ Rg5 26. Bxg5 fxg5+ 27.
Kg1 h6 28. Rf1 Qe7 29. Qh5 Bxa5 30. Qg6+ Kh8 31. Rf7 1-0

[Event "V Torneo Parthenope A"]
[Site "Napoli ITA"]
[Date "2013.05.16"]
[Round "2"]
[White "Somma, Andrea"]
[Black "Messina, Enrico"]
[WhiteElo "1913"]
[BlackElo "2241"]
[Result "0-1"]
[PlyCount "78"]
[EventDate "2013.05.09"]

1. e4 c5 2. Nf3 d6 3. d4 cxd4 4. Nxd4 Nf6 5. Nc3 g6 6. Be3 Bg7 7. f3 O-O 8. Qd2
Nc6 9. O-O-O d5 10. Nxc6 bxc6 11. exd5 Nxd5 12. Nxd5 cxd5 13. Qxd5 Qc7 14. Qc5
Qb7 15. Qb5 Qxb5 16. Bxb5 Rb8 17. Bc4 Bxb2+ 18. Kd2 a5 19. Rb1 Bf5 20. Rhd1
Rfc8 21. Bb3 Bc3+ 22. Ke2 Be5 23. Bd2 Bxc2 24. Bxc2 Rxc2 25. Rxb8+ Bxb8 26. Kf1
Rxa2 27. Bxa5 Bxh2 28. Rd8+ Kg7 29. Bc3+ f6 30. Bb4 Bg3 31. Rd7 Rf2+ 32. Kg1
Rb2 33. Rxe7+ Kh6 34. Be1 Rb1 35. Kf1 Kg5 36. Re4 f5 37. Re7 Kf4 38. Re2 h5 39.
Re6 h4 0-1

[Event "V Torneo Parthenope A"]
[Site "Napoli ITA"]
[Date "2013.05.16"]
[Round "2"]
[White "Vannini, Aldo"]
[Black "Buiano, Fabio"]
[WhiteElo "1767"]
[BlackElo "2053"]
[Result "0-1"]
[PlyCount "62"]
[EventDate "2013.05.09"]

1. d4 Nf6 2. c4 e6 3. Nc3 Bb4 4. a3 Bxc3+ 5. bxc3 b6 6. Nf3 Ba6 7. e3 Nc6 8.
Bd3 Na5 9. Qe2 c5 10. O-O Qc8 11. Nd2 d6 12. Re1 O-O 13. e4 e5 14. d5 g6 15.
Rb1 Nh5 16. Nf3 Qd7 17. Bh6 Rfe8 18. g3 Re7 19. Nd2 Rae8 20. Qf3 Bc8 21. Bf1
Rd8 22. h3 Ng7 23. Bg5 Rf8 24. Bxe7 Qxe7 25. g4 h5 26. Qg3 hxg4 27. hxg4 Qg5
28. Be2 Qxd2 29. Kg2 Qf4 30. Qh3 f6 31. Bf3 Nxc4 0-1

[Event "V Torneo Parthenope A"]
[Site "Napoli ITA"]
[Date "2013.05.23"]
[Round "3"]
[White "Baltzopoulos, Giorgos"]
[Black "Esposito, Rosario"]
[WhiteElo "1970"]
[BlackElo "1804"]
[Result "1/2-1/2"]
[PlyCount "69"]
[EventDate "2013.05.09"]

1. d4 Nf6 2. c4 g6 3. Nc3 d5 4. Nf3 Bg7 5. Qb3 dxc4 6. Qxc4 a6 7. e4 b5 8. Qb3
Bb7 9. d5 O-O 10. a4 c6 11. axb5 cxd5 12. bxa6 Bxa6 13. exd5 Bb7 14. Rxa8 Bxa8
15. Bc4 Nbd7 16. Be3 Qa5 17. O-O Rb8 18. Qc2 Nxd5 19. Nxd5 Bxd5 20. Bxd5 Qxd5
21. Rd1 Qb7 22. b4 e6 23. b5 Nb6 24. Rb1 Nd5 25. Bd4 Rc8 26. Qd3 Nf4 27. Qe3
Bxd4 28. Qxf4 Bg7 29. Qd2 Qb6 30. h4 Rd8 31. Qe2 Rd5 32. Nd2 Re5 33. Nc4 Rxe2
34. Nxb6 Bd4 35. Nd7 1/2-1/2

[Event "V Torneo Parthenope A"]
[Site "Napoli ITA"]
[Date "2013.05.23"]
[Round "3"]
[White "Buiano, Fabio"]
[Black "Auletta, Angelo"]
[WhiteElo "2053"]
[BlackElo "2196"]
[Result "1-0"]
[PlyCount "67"]
[EventDate "2013.05.09"]

1. e4 c5 2. Nf3 d6 3. Bb5+ Bd7 4. Bxd7+ Qxd7 5. c4 Nc6 6. d4 cxd4 7. Nxd4 Nf6
8. Nc3 g6 9. O-O Bg7 10. Nde2 O-O 11. f3 Rfd8 12. Bg5 h6 13. Be3 e6 14. Qd2 Kh7
15. Rfd1 Qe7 16. Nf4 Rd7 17. Rac1 Rad8 18. Qf2 b6 19. b3 Ne5 20. Rd2 g5 21.
Nfe2 d5 22. exd5 exd5 23. c5 Re8 24. Bd4 Rc8 25. cxb6 axb6 26. Ng3 Qa3 27. Re1
Nc6 28. Nf5 Nxd4 29. Qxd4 Bh8 30. Na4 Ne4 31. Qd3 Nc5 32. Qc2 Kg8 33. Nxh6+ Kf8
34. Qh7 1-0

[Event "V Torneo Parthenope A"]
[Site "Napoli ITA"]
[Date "2013.05.23"]
[Round "3"]
[White "Farina, Walter"]
[Black "Capozzoli, Silvio"]
[WhiteElo "1649"]
[BlackElo "1801"]
[Result "0-1"]
[PlyCount "98"]
[EventDate "2013.05.09"]

1. e4 d5 2. exd5 Qxd5 3. Nc3 Qd6 4. Nb5 Qd7 5. d4 c6 6. Nc3 Nf6 7. Nf3 Qc7 8.
h3 Bf5 9. Bd3 Bg6 10. O-O e6 11. Ne2 Nbd7 12. Re1 O-O-O 13. Ng3 Bd6 14. Ne4
Nxe4 15. Bxe4 Nf6 16. Bd3 Bh5 17. c3 Nd5 18. a4 Nf4 19. Bxf4 Bxf4 20. b4 g5 21.
Be2 g4 22. hxg4 Bxg4 23. Ne5 Bf5 24. Nd3 Bh2+ 25. Kf1 Rhg8 26. Bf3 f6 27. Nc5
Rde8 28. b5 Qf4 29. bxc6 b6 30. Qb3 Rxg2 31. Ke2 Bg4 32. c4 Qxd4 33. Nd3 Bxf3+
34. Kxf3 Qg4+ 35. Ke3 Qf5 36. a5 Bc7 37. Ke2 Qg4+ 38. Kd2 Rd8 39. Kc3 Qd4+ 40.
Kc2 Rxf2+ 41. Nxf2 Qd2+ 42. Kb1 Qxe1+ 43. Ka2 Qxf2+ 44. Ka3 Qc5+ 45. Ka4 Qxc6+
46. Ka3 Bd6+ 47. Ka2 Bc5 48. axb6 Qxb6 49. Qf3 Rd2# 0-1

[Event "V Torneo Parthenope A"]
[Site "Napoli ITA"]
[Date "2013.05.23"]
[Round "3"]
[White "Gallo, Thomas Renato"]
[Black "Vannini, Aldo"]
[WhiteElo "1914"]
[BlackElo "1767"]
[Result "0-1"]
[PlyCount "106"]
[EventDate "2013.05.09"]

1. d4 d5 2. c4 e6 3. Nc3 a6 4. e4 dxe4 5. Nxe4 Bb4+ 6. Bd2 Qxd4 7. Qc2 Bxd2+ 8.
Nxd2 Nf6 9. Ngf3 Qg4 10. h3 Qf4 11. Be2 O-O 12. O-O Nc6 13. a3 b6 14. Rad1 Bb7
15. b4 Rfd8 16. Nb3 Rxd1 17. Rxd1 Rd8 18. Rxd8+ Nxd8 19. c5 Bd5 20. cxb6 cxb6
21. Qc8 Qd6 22. Nbd4 Bb7 23. Qc2 g6 24. Qc1 Kg7 25. Qf1 a5 26. bxa5 bxa5 27.
Nb5 Qc5 28. a4 Bd5 29. Qd1 Nc6 30. Qa1 Qc2 31. Bd1 Qa2 32. Qc3 Qc4 33. Qxc4
Bxc4 34. Nd2 Bd5 35. Nc7 Ne4 36. Nxd5 exd5 37. Nxe4 dxe4 38. Be2 f5 39. Bb5 Nd4
40. Bc4 Kf6 41. Kf1 g5 42. Ke1 Ke5 43. Kd2 Ne6 44. Kc3 Nc5 45. Bb5 f4 46. Bc6
e3 47. fxe3 fxe3 48. Kc2 Kd4 49. Kd1 Ne4 50. Bxe4 Kxe4 51. Ke2 h5 52. Ke1 Kd3
53. Kd1 h4 0-1

[Event "V Torneo Parthenope A"]
[Site "Napoli ITA"]
[Date "2013.05.23"]
[Round "3"]
[White "Messina, Enrico"]
[Black "Seletsky, Grigory"]
[WhiteElo "2241"]
[BlackElo "2329"]
[Result "0-1"]
[PlyCount "92"]
[EventDate "2013.05.09"]

1. e4 e6 2. d4 d5 3. Nd2 Nc6 4. Ngf3 Nf6 5. e5 Nd7 6. Bb5 a6 7. Ba4 b5 8. Bb3
f6 9. O-O fxe5 10. Nxe5 Ndxe5 11. dxe5 Nxe5 12. Qh5+ Nf7 13. Re1 Be7 14. c3 g6
15. Qe2 e5 16. a4 Rb8 17. axb5 axb5 18. Nf1 O-O 19. Bd2 c6 20. Rad1 Qb6 21. Be3
Bc5 22. Bxc5 Qxc5 23. Ng3 e4 24. Kh1 Kg7 25. Rd4 b4 26. Qc2 bxc3 27. bxc3 Ba6
28. Ba2 Bd3 29. Qd2 Qa3 30. Rb4 Rxb4 31. cxb4 Rb8 32. Nxe4 Bxe4 33. Qd4+ Kg8
34. f3 Qxa2 35. fxe4 Qc4 36. Qa7 Re8 37. e5 Rxe5 38. Ra1 Qxb4 39. Qf2 Kg7 40.
h3 h5 41. Kh2 Rf5 42. Qc2 c5 43. Ra8 Qf4+ 44. Kh1 Qe5 45. Kg1 d4 46. Qb1 h4 0-1

[Event "V Torneo Parthenope A"]
[Site "Napoli ITA"]
[Date "2013.05.23"]
[Round "3"]
[White "Somma, Erminio"]
[Black "Esposito, Pino"]
[WhiteElo "1539"]
[BlackElo "1779"]
[Result "0-1"]
[PlyCount "40"]
[EventDate "2013.05.09"]

1. d4 d5 2. Nf3 Nf6 3. e3 e6 4. Bd3 Bd6 5. O-O Nbd7 6. Nbd2 O-O 7. Re1 c5 8. c3
b6 9. e4 dxe4 10. Nxe4 Nxe4 11. Bxe4 Rb8 12. Ne5 Nxe5 13. dxe5 Bxe5 14. Bxh7+
Kxh7 15. Qh5+ Kg8 16. Qxe5 Bb7 17. Qg3 Qf6 18. Bg5 Qg6 19. Rad1 f6 20. Rxe6
Qxg5 0-1

[Event "V Torneo Parthenope A"]
[Site "Napoli ITA"]
[Date "2013.05.23"]
[Round "3"]
[White "Taurisano, Vincenzo"]
[Black "Somma, Andrea"]
[WhiteElo "1862"]
[BlackElo "1913"]
[Result "1-0"]
[PlyCount "95"]
[EventDate "2013.05.09"]

1. e4 d5 2. exd5 Qxd5 3. Nc3 Qa5 4. Bc4 Nf6 5. Nf3 c6 6. d4 Bf5 7. O-O e6 8. a3
Bd6 9. Bd3 Bg4 10. h3 Bh5 11. Ne4 Nxe4 12. Bxe4 Nd7 13. c4 Nf6 14. Bd3 Qc7 15.
Be3 Rd8 16. Qe2 e5 17. dxe5 Bxf3 18. Qxf3 Bxe5 19. Bg5 O-O 20. Rab1 Qd6 21.
Rfd1 Qe6 22. b3 g6 23. Re1 Kg7 24. Rbd1 h6 25. Bf4 Nd7 26. h4 Qf6 27. Rxe5 Nxe5
28. Bxh6+ Kxh6 29. Qxf6 Nxd3 30. g4 Kh7 31. h5 Kh6 32. g5+ Kxh5 33. Qf3+ Kxg5
34. Rxd3 Rxd3 35. Qxd3 f5 36. Qg3+ Kh6 37. Qc7 Re8 38. Qxb7 Re6 39. Qxa7 Kg5
40. Qd7 Re1+ 41. Kg2 Kg4 42. Qxc6 Kh5 43. Qf3+ Kh6 44. c5 Re8 45. b4 Rf8 46. c6
g5 47. Qd5 Kh5 48. c7 1-0

[Event "V Torneo Parthenope A"]
[Site "Napoli ITA"]
[Date "2013.05.23"]
[Round "3"]
[White "Trematerra, Massimiliano"]
[Black "Accardo, Francesco"]
[WhiteElo "1463"]
[BlackElo "1848"]
[Result "0-1"]
[PlyCount "38"]
[EventDate "2013.05.09"]

1. d4 b5 2. Nd2 Bb7 3. e4 a6 4. Ngf3 e6 5. a3 c5 6. b3 Nf6 7. Bd3 Nc6 8. Bb2
Qc7 9. dxc5 Bxc5 10. Bxf6 gxf6 11. O-O h5 12. Nh4 Qf4 13. Ndf3 Rg8 14. Qd2 Qg4
15. h3 Qxh3 16. Rfd1 O-O-O 17. Qh6 Rg4 18. Qxf6 Rdg8 19. g3 Rxg3+ 0-1

[Event "V Torneo Parthenope A"]
[Site "Napoli ITA"]
[Date "2013.05.30"]
[Round "4"]
[White "Accardo, Francesco"]
[Black "Taurisano, Vincenzo"]
[WhiteElo "1848"]
[BlackElo "1862"]
[Result "0-1"]
[PlyCount "66"]
[EventDate "2013.05.09"]

1. g4 d5 2. h3 c5 3. d4 cxd4 4. Bg2 Nc6 5. Nf3 e6 6. O-O Bc5 7. Nbd2 h5 8. g5
Nge7 9. Nb3 Bd6 10. Nfxd4 e5 11. Nb5 Be6 12. Nxd6+ Qxd6 13. c4 Rd8 14. c5 Qd7
15. Kh2 Nf5 16. Rh1 Nh4 17. Bf1 d4 18. Kg1 Bd5 19. Rh2 Qf5 20. Qd2 O-O 21. f4
d3 22. Qe3 Rfe8 23. Qg3 dxe2 24. Bxe2 Ng6 25. Rf2 Qe4 26. Bf3 Qe1+ 27. Kh2 Bxf3
28. Qxf3 Rd1 29. Kg3 exf4+ 30. Bxf4 Rxa1 31. Bd6 h4+ 32. Kg4 Qe6+ 33. Kh5 Rg1
0-1

[Event "V Torneo Parthenope A"]
[Site "Napoli ITA"]
[Date "2013.05.30"]
[Round "4"]
[White "Auletta, Angelo"]
[Black "Baltzopoulos, Giorgos"]
[WhiteElo "2196"]
[BlackElo "1970"]
[Result "1-0"]
[PlyCount "55"]
[EventDate "2013.05.09"]

1. e4 c5 2. Nf3 d6 3. d4 cxd4 4. Nxd4 Nf6 5. Nc3 a6 6. h3 e5 7. Nde2 h5 8. g3
Be6 9. Bg2 Be7 10. Be3 Nbd7 11. a4 b6 12. O-O Rc8 13. b3 Nc5 14. Nd5 Bxd5 15.
exd5 O-O 16. f4 Qc7 17. fxe5 dxe5 18. c4 Rfd8 19. Nc3 Ne6 20. Ne4 Nxe4 21. Bxe4
Bg5 22. Bxg5 Nxg5 23. Bf5 e4 24. Kg2 Rd6 25. Qxh5 Qd8 26. Bxc8 Rh6 27. Qg4 Rxh3
28. Rf5 1-0

[Event "V Torneo Parthenope A"]
[Site "Napoli ITA"]
[Date "2013.05.30"]
[Round "4"]
[White "Capozzoli, Silvio"]
[Black "Trematerra, Massimiliano"]
[WhiteElo "1801"]
[BlackElo "1463"]
[Result "1/2-1/2"]
[PlyCount "129"]
[EventDate "2013.05.09"]

1. e4 c5 2. Nf3 d6 3. Be2 Nf6 4. Nc3 a6 5. a4 Nc6 6. d4 cxd4 7. Nxd4 g6 8. Be3
Qa5 9. O-O Bg7 10. Nb3 Qb4 11. f3 Nh5 12. Nd5 Bxb2 13. Nxb4 Nxb4 14. Rb1 Bc3
15. Bd4 Na2 16. Bxh8 Bxh8 17. Qd3 Nf4 18. Qc4 Be6 19. Qc7 Rc8 20. Qxc8+ Bxc8
21. Bd3 Nc3 22. Rbe1 Nxa4 23. g3 Nh3+ 24. Kg2 h5 25. f4 Bc3 26. Rb1 b5 27. f5
Ng5 28. h4 Nh7 29. fxg6 fxg6 30. e5 Bb7+ 31. Kh2 Bxe5 32. Bxg6+ Kd7 33. Bxh7
Nc3 34. Rbe1 Nd5 35. Rxe5 dxe5 36. Nc5+ Kc7 37. Nxb7 Kxb7 38. Be4 e6 39. Kg2
Kb6 40. Kf3 Nf6 41. Rd1 Ng4 42. Rd6+ Ka5 43. Bb7 e4+ 44. Ke2 e5 45. Rxa6+ Kb4
46. Bxe4 Kc3 47. Ra3+ Kd4 48. Bg6 Nf6 49. Ra6 Nd5 50. Rd6 Kc5 51. Rxd5+ Kxd5
52. Bxh5 Ke6 53. Bf3 Kd6 54. Kd3 Kc5 55. c3 Kd6 56. Be4 Ke6 57. h5 Kd6 58. g4
Ke7 59. g5 Kf7 60. Bg6+ Ke7 61. Ke4 Kf8 62. Kxe5 Kg8 63. Kf6 Kh8 64. Kf7 b4 65.
cxb4 1/2-1/2

[Event "V Torneo Parthenope A"]
[Site "Napoli ITA"]
[Date "2013.05.30"]
[Round "4"]
[White "Esposito, Pino"]
[Black "Gallo, Thomas Renato"]
[WhiteElo "1779"]
[BlackElo "1914"]
[Result "0-1"]
[PlyCount "86"]
[EventDate "2013.05.09"]

1. d4 Nf6 2. c4 e6 3. Nf3 Bb4+ 4. Bd2 Bxd2+ 5. Nbxd2 b6 6. e3 Ba6 7. Bd3 O-O 8.
O-O d6 9. b4 c5 10. Rb1 cxb4 11. Qa4 Qd7 12. Qxd7 Nbxd7 13. Rxb4 Rfc8 14. a4 d5
15. Ne5 Nxe5 16. dxe5 Ng4 17. Nf3 Bxc4 18. Bxc4 Rxc4 19. Rxc4 dxc4 20. h3 Nh6
21. Rc1 Rc8 22. Rc3 a6 23. Nd4 Rc5 24. f4 b5 25. axb5 axb5 26. Nc2 Nf5 27. Kf2
Ne7 28. Ra3 g6 29. e4 Nc6 30. Ra8+ Kg7 31. Rc8 c3 32. Ke3 Rc4 33. Rc7 b4 34.
Nxb4 c2 35. Na2 c1=Q+ 36. Nxc1 Rxc1 37. f5 exf5 38. e6 Kf8 39. Kd2 Rc5 40.
Rxf7+ Ke8 41. Rc7 fxe4 42. Ke3 h6 43. e7 Rc4 0-1

[Event "V Torneo Parthenope A"]
[Site "Napoli ITA"]
[Date "2013.05.30"]
[Round "4"]
[White "Esposito, Rosario"]
[Black "Somma, Andrea"]
[WhiteElo "1804"]
[BlackElo "1913"]
[Result "0-1"]
[PlyCount "72"]
[EventDate "2013.05.09"]

1. d4 d6 2. c4 Nd7 3. e4 Ngf6 4. Nc3 e5 5. d5 Nc5 6. f3 a5 7. Be3 b6 8. Bd3
Nxd3+ 9. Qxd3 g6 10. Nge2 Bg7 11. O-O-O Bd7 12. g4 a4 13. h4 h5 14. g5 Ng8 15.
Rdf1 Ne7 16. f4 exf4 17. Nxf4 O-O 18. Bd4 Bxd4 19. Qxd4 Qe8 20. Rf2 Rb8 21.
Rhf1 b5 22. Ne6 Bxe6 23. dxe6 Nc6 24. exf7+ Rxf7 25. Qd5 Ne5 26. Rxf7 Nxf7 27.
cxb5 Kg7 28. Qd4+ Ne5 29. Qd5 Qd7 30. Rh1 a3 31. bxa3 Qg4 32. Qd1 Qg2 33. Rf1
Qh3 34. Kc2 Qxh4 35. Qd2 Qh3 36. a4 Qxf1 0-1

[Event "V Torneo Parthenope A"]
[Site "Napoli ITA"]
[Date "2013.05.30"]
[Round "4"]
[White "Seletsky, Grigory"]
[Black "Buiano, Fabio"]
[WhiteElo "2329"]
[BlackElo "2053"]
[Result "1-0"]
[PlyCount "48"]
[EventDate "2013.05.09"]

1. d4 Nf6 2. c4 e6 3. g3 Bb4+ 4. Nd2 c5 5. dxc5 Na6 6. Bg2 Nxc5 7. Ngf3 O-O 8.
O-O d5 9. cxd5 exd5 10. a3 Bxd2 11. Bxd2 Nfe4 12. Be3 Re8 13. Rc1 b6 14. Bd4
Bb7 15. b4 Ne6 16. Bb2 Qe7 17. Nd4 Nxd4 18. Qxd4 f6 19. Rc2 Qe6 20. Rc7 Ba6 21.
a4 Bxe2 22. Re1 Bh5 23. Bxe4 dxe4 24. Rxe4 Qxe4 1-0

[Event "V Torneo Parthenope A"]
[Site "Napoli ITA"]
[Date "2013.05.30"]
[Round "4"]
[White "Somma, Erminio"]
[Black "Farina, Walter"]
[WhiteElo "1539"]
[BlackElo "1649"]
[Result "1-0"]
[PlyCount "89"]
[EventDate "2013.05.09"]

1. d4 Nf6 2. Nf3 b6 3. e3 e6 4. Bd3 Bb7 5. Nbd2 d5 6. O-O Bd6 7. Re1 Nbd7 8. e4
dxe4 9. Nxe4 Qe7 10. Nxd6+ Qxd6 11. h3 h6 12. c3 O-O-O 13. b4 g5 14. Ne5 Qd5
15. f3 Nxe5 16. Rxe5 Qd6 17. Bc4 Rdg8 18. Qf1 Nd7 19. Re1 Kb8 20. a4 h5 21. a5
g4 22. axb6 gxf3 23. bxa7+ Ka8 24. Ra2 Rg7 25. Re3 fxg2 26. Qf2 h4 27. Be2 Rg3
28. Bf3 Rxh3 29. Bxb7+ Kxb7 30. a8=Q+ Rxa8 31. Qxg2+ c6 32. Rxh3 Rxa2 33. Qxa2
Nf6 34. Qg2 Nd5 35. Qf3 Qf8 36. Rxh4 Qg7+ 37. Rg4 Qh7 38. Qg2 Qb1 39. Qf1 Kb6
40. Bd2 Qc2 41. Rg2 f5 42. c4 Nf6 43. c5+ Kb7 44. Rg7+ Kc8 45. Qa6+ 1-0

[Event "V Torneo Parthenope A"]
[Site "Napoli ITA"]
[Date "2013.06.06"]
[Round "5"]
[White "Baltzopoulos, Giorgos"]
[Black "Capozzoli, Silvio"]
[WhiteElo "1970"]
[BlackElo "1801"]
[Result "1-0"]
[PlyCount "131"]
[EventDate "2013.05.09"]

1. e4 d5 2. exd5 Qxd5 3. Nc3 Qd6 4. g3 Nf6 5. Bg2 c6 6. d4 Bf5 7. Nf3 e6 8. O-O
Be7 9. a3 h6 10. Re1 O-O 11. Ne5 Qc7 12. Nc4 Nbd7 13. Bf4 Qd8 14. Qe2 g5 15.
Bd6 Bxd6 16. Nxd6 Qc7 17. Nxf5 exf5 18. Qd3 f4 19. d5 fxg3 20. hxg3 cxd5 21.
Nxd5 Nxd5 22. Bxd5 Kg7 23. Re7 Qd8 24. Rae1 Nf6 25. Bxb7 Qxd3 26. cxd3 Rad8 27.
Ba6 Nd7 28. Bc4 a5 29. b4 axb4 30. axb4 Nb6 31. Rb7 Nd5 32. Re5 Nf6 33. Kf1 Ne8
34. Ree7 Nd6 35. Rbd7 Kf6 36. Ke2 Rxd7 37. Rxd7 Nf5 38. Kd2 h5 39. b5 Ne7 40.
b6 h4 41. gxh4 gxh4 42. Ra7 Rb8 43. Ra6 h3 44. b7+ Kg7 45. Rb6 h2 46. Rb1 Nc6
47. Bd5 Ne5 48. Rh1 Ng4 49. f3 Nf6 50. Bc6 Ne8 51. Rxh2 Nd6 52. Ke3 Nxb7 53.
Rb2 Nd8 54. Rxb8 Nxc6 55. Re8 Kf6 56. d4 Ne7 57. Ke4 Ke6 58. d5+ Kd6 59. Rxe7
Kxe7 60. Ke5 f6+ 61. Kf5 Kd6 62. Kxf6 Kxd5 63. f4 Kd6 64. Kf7 Kd7 65. f5 Kd6
66. Kg7 1-0